| 000 | 00327nam a22001337a 4500 | ||
|---|---|---|---|
| 020 | _a0713135069 | ||
| 082 |
_a515 _bBUN |
||
| 100 | _4Bunday, Brain D. | ||
| 245 |
_aBasic Optimisation Methods / _cBrain D, Bunday |
||
| 260 |
_aLondon , _bEdward Arnold _c1984. |
||
| 300 | _a128p. ; | ||
| 563 | _aPaperback, | ||
| 942 |
_2ddc _cBK |
||
| 999 |
_c608986 _d608986 |
||